000
00218 a2200097 4500
001
25951
100
_a
Haselkorn
245
_a
Evolution of soviet security strategy
260
_a
_b
NSI Center
_c
090
_c
17554
_d
17554
942
_a
NUST-CAE
_c
M
_c
8396
999
_c
261024
_d
261024